Регионална библиотека "Любен Каравелов" - Русе

Застаряване (Запис номер 352278)

MARC детайли
000 -Лидер
Контролно поле с фиксирана дължина nam a22 7a 4500
003 - Код на организацията, давaща контролен номер
Контролно поле BLK
005 - Дата и час на последна редакция
Контролно поле 20200407163653.0
008 - Елементи от данни с фиксирана дължина
fixed length control field 200407b bu ||||| |||| 00| 0 bu d
040 ## - Източник на каталожния запис
Идентификатор на билиотеката - собственик на записа BLK
041 ## - Код за език
Код за езика на текст/звукозапис или на отделно заглавие Български
Код за езика КДБФ Български
080 ## - УДК
Текстов определител УДК Италианска литература
УДК код - определител по УДК 821.131.1
УДК определител -31
УДК - код + определител 821.131.1-31
080 ## - УДК
УДК код - определител по УДК 821.131.1
УДК определител -32
УДК - код + определител 821.131.1-32
100 1# - Редна дума - Автор
R(LIN) 69453
Автор Звево, Итало
Авторска отговорност първи автор
139 ## - Редно поле
Редна дума Звево, Итало
Авторски знак Зв - З 47
245 ## - Сведения за заглавието
Заглавие Застаряване
Подзаглавни данни Роман и новели
Редно поле (дума) Итало Звево ; Прев. от итал. Хубан Стойнов, Андрей Петканов ; Състав. Бояна Петрова; [С предг. от Светозар Златаров]
257 ## - Страна на издаване
Страна на създаване/издаване България
260 ## - Област на издателските данни
9 (RLIN) 209547
Място на издаване, разпространение и проч. София
Име на издателя, разпространителя и проч. Нар. култура
Година на издаване 1987
Печатница В. Търново : Д. Найденов
Издателство - префикс ISBN 954-04-
300 ## - Физическа характеристика
Страници 319 с.
Размери/Мащаб 20 см
380 ## - Жанр
Жанр Худож. лит.
500 ## - Общи забележки
Забележка Прев. е направен от Senilita ; Novelle / Italo Svevo. - Без тир.
700 ## - Други автори (авторска отговорност)
9 (RLIN) 374202
Лично име Стойнов, Хубан Стефанов
Автороска отговорност (Описва отношението между автора и произведението) прев. от итал.
700 ## - Други автори (авторска отговорност)
9 (RLIN) 1071
Лично име Петканов, Андрей Иванов
Автороска отговорност (Описва отношението между автора и произведението) прев. от итал.
700 ## - Други автори (авторска отговорност)
9 (RLIN) 1478
Лично име Петрова, Бояна Валериева
Автороска отговорност (Описва отношението между автора и произведението) състав.
700 ## - Други автори (авторска отговорност)
9 (RLIN) 1386
Лично име Златаров, Светозар Асенов
Автороска отговорност (Описва отношението между автора и произведението) с предг. от
852 ## - Местоположение
Форматна сигнатура Цб 151310
Фондова буква Хранилище
999 ## - СИСТЕМНИ КОНТРОЛНИ НОМЕРА
Koha biblionumber 352278
Koha biblioitemnumber 352278
942 ## - АРТИКУЛИ
Вид на библиотечния материал Книги
Скрит в OPAC Не
Периодичен библиозапис Да
944 ## - СЪЗДАВАНЕ И РЕДАКЦИЯ на ЗАПИСА
Създаване/Редакция Създаване
Дата на регистрацията/редакция 2020-04-07
Служител, извършил регистрацията/редакцията С.Т.
999 ## - СИСТЕМНИ КОНТРОЛНИ НОМЕРА
Koha biblioitemnumber 352278
Наличности
Код за отписване Код за изгубен артикул Източник на класификационната схема Код за повреда Коз за рестрикции Код за отдаване Артикулен № Име на библиотеката - собственик Име на библиотеката, в която се намира в момента Статус (Текущо местоположение) Дата на вписване в системата Местоположение - отдел Цена в лева Инвентарен номер Систематично азбучна сигнатура Баркод Цена в евро Служебен тип на артикула
  Не е изгубен Universal Decimal Classification Не е повреден само за читалня ползва се в читалня 759587 Регионална библиотека "Любен Каравелов" Русе Регионална библиотека "Любен Каравелов" Русе Хранилище 2020-04-08 Хранилище 1.99 488924 Цб 151310 120000488924 1.02 Книги
Vip Innovations Ltd, Rousse, Bulgaria 2025